| 000 | 00547nam a22001697a 4500 | ||
|---|---|---|---|
| 003 | PILC | ||
| 005 | 20150112093441.0 | ||
| 008 | 130219t xxu||||| |||| 00| 0 eng d | ||
| 020 | _a9789810698645 | ||
| 050 |
_aHG 173 _b.M678 2007 |
||
| 082 |
_aESF 332 _b.M68 2007 |
||
| 100 |
_aMishkin, Frederic S. _99005 |
||
| 245 |
_aUnderstanding the Economics of money, banking, and financial markets / _cFrederic S. Mishkin. |
||
| 260 |
_aSingapore _bPearson Education South Asia _c2007. |
||
| 300 |
_a660 pages : _billustration ; _c24 cm. |
||
| 942 |
_2lcc _cBK |
||
| 999 |
_c14755 _d14755 |
||